Statistics for 200 Biggest Cities in Brazil

Click here to take the quiz!

General Stats

  • This quiz has been taken 1,294 times
  • The average score is 77 of 200

Answer Stats

Rank Population City % Correct
26,477,000Rio de Janeiro
99%
111,968,000São Paulo
98%
42,915,000Brasilia
96%
62,503,000Belo Horizonte
94%
72,058,000Manaus
93%
101,477,000Porto Alegre
92%
32,921,000Salvador
91%
91,617,000Recife
90%
111,440,000Belém
89%
52,591,000Fortaleza
88%
81,879,000Curitiba
88%
121,431,000Goiânia
79%
48470,000Florianópolis
79%
19870,000Natal
79%
141,164,000Campinas
78%
151,074,000São Luís
74%
20854,000Campo Grande
72%
35580,000Cuiabá
72%
68356,000Vitória
71%
171,014,000Maceió
70%
21844,000Teresina
68%
53434,000Santos
67%
41503,000Porto Velho
67%
65371,000Rio Branco
65%
24791,000João Pessoa
65%
131,325,000Guarulhos
65%
33633,000Aracaju
65%
117232,000São José
64%
50456,000Macapá
64%
30662,000Uberlândia
62%
38548,000Londrina
62%
42497,000Niterói
61%
36562,000Joinville
59%
29666,000Ribeirão Preto
59%
26695,000Osasco
57%
177161,000Caxias
56%
83321,000Boa Vista
54%
97273,000Palmas
53%
82322,000Uberaba
53%
103264,000Foz do Iguaçu
53%
34618,000Feira de Santana
51%
63389,000Olinda
51%
59397,000Maringá
51%
23807,000Nova Iguaçu
50%
32645,000Sorocaba
50%
25710,000Santo André
49%
161,038,000São Gonçalo
49%
57405,000Campina Grande
48%
77339,000Blumenau
48%
37555,000Juiz de Fora
48%
47473,000Vila Velha
47%
27689,000São José dos Campos
47%
84313,000Cascavel
47%
74343,000Pelotas
47%
88298,000Petrópolis
46%
91293,000Santarém
46%
96276,000Santa Maria
46%
58402,000Jundiaí
46%
56412,000Diadema
46%
144206,000Chapecó
45%
55417,000Betim
44%
52443,000São José do Rio Preto
43%
133218,000Juazeiro
43%
85311,000Guarujá
42%
66367,000Bauru
42%
46475,000Caxias do Sul
42%
62391,000Piracicaba
42%
67366,000Anápolis
41%
130222,000Presidente Prudente
41%
92288,000Mossoró
41%
78338,000Ponta Grossa
41%
104263,000Volta Redonda
40%
95278,000Governador Valadares
40%
79332,000Petrolina
40%
160180,000Ilhéus
40%
40505,000Ananindeua
39%
31649,000Contagem
39%
86302,000Taubaté
38%
43485,000Serra
38%
142207,000Criciúma
38%
28686,000Jaboatão dos Guararapes
37%
119232,000Marília
37%
111249,000Novo Hamburgo
37%
115235,000Macaé
37%
73343,000Vitória da Conquista
37%
166173,000Teresópolis
36%
105262,000Barueri
36%
54425,000Mogi das Cruzes
36%
90296,000Limeira
36%
171167,000Itu
36%
87299,000Praia Grande
35%
39522,000Aparecida de Goiânia
35%
145205,000Itajaí
35%
113241,000São Carlos
34%
108257,000Ipatinga
34%
140208,000Rio Grande
34%
101266,000Juazeiro do Norte
34%
75342,000Franca
34%
60394,000Montes Claros
34%
69356,000São Vicente
33%
44484,000Campos dos Goytacazes
33%
136215,000Rondonópolis
33%
137213,000Dourados
33%
51453,000Mauá
33%
128227,000Araraquara
33%
72347,000Caruaru
32%
76341,000Canoas
32%
197145,000Porto Seguro
32%
89298,000São José dos Pinhais
32%
107262,000Embu das Artes
31%
106262,000Marabá
31%
71353,000Itaquaquecetuba
31%
45481,000Belford Roxo
31%
109253,000Imperatriz
30%
148200,000Rio Claro
30%
99272,000Taboão da Serra
30%
132220,000Itabuna
30%
139208,000Cabo Frio
30%
181158,000Nilópolis
29%
94285,000Suzano
29%
124229,000Americana
29%
110252,000Viamão
29%
190151,000Paranaguá
29%
156188,000Angra dos Reis
29%
141207,000Rio Verde
28%
61392,000Carapicuíba
28%
98272,000Gravataí
28%
120231,000Arapiraca
28%
100269,000Várzea Grande
28%
102266,000Sumaré
28%
93287,000Camaçari
28%
114235,000Magé
28%
122231,000Divinópolis
28%
121231,000Indaiatuba
28%
127227,000Jacareí
27%
146202,000Sobral
27%
49461,000São João de Meriti
27%
70354,000Caucaia
27%
135216,000Hortolândia
27%
178161,000Bragança Paulista
27%
18883,000Duque de Caixas
26%
158185,000Nova Friburgo
26%
64382,000Cariacica
26%
151193,000Araçatuba
26%
150194,000Luziânia
26%
182158,000São Caetano do Sul
25%
80323,000Paulista
25%
81323,000Ribeirão das Neves
25%
134216,000Santa Luzia
25%
126228,000São Leopoldo
25%
200143,000Jaú
24%
123230,000Cotia
24%
112242,000Parnamirim
24%
129223,000Itapevi
24%
179161,000Pindamonhangaba
22%
194147,000Mogi Guaçu
22%
192150,000Parnaíba
22%
118232,000Sete Lagoas
22%
131222,000Maracanaú
22%
125229,000Itaboraí
22%
116232,000Colombo
21%
168170,000Araguaína
20%
149197,000Passo Fundo
20%
180159,000Lages
20%
162178,000Guarapuava
20%
159185,000Ferraz de Vasconcelos
20%
173164,000Jaraguá do Sul
20%
172165,000Timon
19%
198144,000Pouso Alegre
19%
152191,000Lauro de Freitas
19%
22817,000São Bernando do Campo
19%
161180,000Barra Mansa
19%
154190,000Parauapebas
19%
143207,000Alvorada
19%
170167,000Itapecerica da Serra
19%
176162,000Jequié
19%
199144,000Queimados
18%
155190,000Castanhal
18%
174164,000Poços de Caldas
18%
167171,000Mesquita
17%
185157,000Itapetininga
17%
188154,000Barreiras
16%
196146,000Franco da Rocha
16%
195147,000Maricá
16%
193149,000Patos de Minas
15%
189153,000Valparaíso de Goiás
15%
138209,000Cachoeiro de Itapemirim
15%
175164,000Linhares
15%
191150,000Abaetetuba
14%
183158,000Palhoça
14%
169168,000Francisco Morato
14%
165174,000Ibirité
13%
163177,000Nossa Senhora do Socorro
13%
186154,000Alagoinhas
13%
184158,000Teixeira de Freitas
12%
147201,000Cabo de Santo Agostinho
12%
157187,000Águas Lindas de Goiás
11%
153190,000Santa Bárbara do Oeste
11%
187154,000Camaragibe
10%
164174,000São José de Ribamar
10%

Score Distribution

Percentile by Number Answered

Percent of People with Each Score

Your Score History

You have not taken this quiz